000
00320nam a2200133Ia 4500
008
231129s1979||||xx |||||||||||||| ||spa||
040
_b
spa
082
_a
823 D314ro
100
_a
Defoe Daniel
245
0
_a
Aventuras de Robinson Crusoe
260
_c
1979
264
_a
Medellín Colombia: Bedout
942
_2
ddc
_c
BKS
999
_c
5951
_d
5951